Quizzes
Events
Quiz Creation
Community
Videos
Private Events
Remove Ads
Sign In
Join for FREE
Feedback
Dark Mode
Quiz Categories
Sports
Geography
Music
Movies
Television
Just For Fun
Miscellaneous
History
Literature
Language
Science
Gaming
Entertainment
Religion
Holiday
For Kids
Quiz Lab
Recent
Popular Today
Quiz Kudos Today
Editor Picks
Curator Picks
Quizzes by...
Day
Popularity
Type
Ratings
Length
Year
Community
Subscriptions
Recent Discussions
Orange Saloon
Badges
Playlists
Quests
Create
Leaderboards
Showdown
Live 5
Trivia Bingo
Activity
Puzzle Library
Sporcle Events
Private Events
Virtual Trivia
Globe League
Become a Host
Pub Owners
SporcleCon
Opinionation
Our Games
Videos
Blog
Mobile Apps
Partnerships
Remove Ads and Go Orange
Feedback
Just For Fun
Clickable
Get the Picture
Humor
Quick Pick
Word Ladder
Missing Word
Mixed Word
Blitz
Minefield
This or That
Alphabet
Color
Typing
Sporcle
Puzzle
Word Play
Follow That Line
Logic
Just For Fun
Clickable
Get the Picture
Humor
Quick Pick
Word Ladder
Missing Word
Mixed Word
Blitz
Minefield
This or That
Alphabet
Color
Typing
Sporcle
Puzzle
Word Play
Follow That Line
Logic
Random Quiz
Search Sporcle
×
Quiz Lab
Quiz Lab
Just For Fun
Pokémon
Type in answers that appear in a list
Type in answers that appear in a list
Classic
Best Score? Go Orange.
151 Original Pokemon in Alphabetical Order Stats
Can you name the 151 Original Pokemon in Alphabetical Order
By
oklahomamarker
20m
151 Questions
881 Plays
881 Plays
881 Plays
Comments
Comments
Give Quiz Kudos
Give Quiz Kudos
-
- Ratings
hide this ad
Replay
Link that replays current quiz
Next Quiz
Link to next quiz in quiz playlist
You Got
0%
They Got
Avg Score
58%
Avg Friend Score
Upgrade to see
Score Distribution
Jump to the score distribution portion of the page
Score
0/151
Timer
20:00
0
Plays Today
Pokedex Number
Pokemon
% Correct
063
Abra
89.9%
001
Bulbasaur
75.1%
065
Alakazam
75%
142
Aerodactyl
72.8%
004
Charmander
72.6%
006
Charizard
71.4%
009
Blastoise
70.7%
144
Articuno
70.5%
005
Charmeleon
70.4%
024
Arbok
69.2%
025
Pikachu
69.2%
010
Caterpie
69.1%
012
Butterfree
69%
015
Beedrill
68.7%
059
Arcanine
66.7%
035
Clefairy
66.3%
002
Ivysaur
66.3%
050
Diglett
65.4%
151
Mew
65%
036
Clefable
64.9%
149
Dragonite
64.9%
133
Eevee
64.7%
007
Squirtle
64.4%
092
Gastly
64.2%
051
Dugtrio
64.1%
150
Mewtwo
64.1%
064
Kadabra
64%
026
Raichu
64%
148
Dragonair
63.7%
074
Geodude
63.7%
069
Bellsprout
63.2%
016
Pidgey
63%
147
Dratini
62.9%
022
Fearow
62.7%
093
Haunter
62.7%
094
Gengar
62.5%
023
Ekans
62.4%
018
Pidgeot
62.4%
008
Wartortle
62.3%
029
Nidoran
62.2%
032
Nidoran
62.2%
095
Onix
61.5%
136
Flareon
61.4%
034
Nidoking
61.4%
017
Pidgeotto
61.4%
039
Jigglypuff
61.3%
031
Nidoqueen
61.2%
084
Doduo
61.1%
076
Golem
61.1%
106
Hitmonlee
61.1%
124
Jynx
61%
Pokedex Number
Pokemon
% Correct
107
Hitmonchan
60.8%
033
NIdorino
60.7%
003
Venusaur
60.7%
066
Machop
60.6%
030
Nidorina
60.4%
068
Machamp
60.3%
044
Gloom
60.2%
041
Zubat
60%
011
Metapod
59.9%
013
Weedle
59.9%
101
Electrode
59.7%
122
Mr. Mime
59.7%
125
Electabuzz
59.5%
135
Jolteon
59.4%
014
Kakuna
59.4%
042
Golbat
59.3%
067
Machoke
59.3%
118
Goldeen
58.7%
054
Psyduck
58.5%
021
Spearow
58.5%
145
Zapdos
58.5%
085
Dodrio
58.3%
130
Gyarados
58.3%
055
Golduck
57.9%
083
Farfetch'd
57.7%
116
Horsea
57.1%
143
Snorlax
57.1%
129
Magikarp
57%
089
Muk
57%
052
Meowth
56.6%
113
Chansey
56.5%
140
Kabuto
56.5%
132
Ditto
56.4%
058
Growlithe
56.4%
075
Graveler
56.2%
146
Moltres
56.2%
096
Drowzee
56.1%
087
Dewgong
56%
040
Wigglytuff
56%
141
Kabutops
55.8%
109
Koffing
55.8%
043
Oddish
55.7%
019
Rattata
55.6%
131
Lapras
55.4%
082
Magneton
55.3%
121
Starmie
55.3%
056
Mankey
55.2%
120
Staryu
55.2%
104
Cubone
54.8%
072
Tentacool
54.8%
091
Cloyster
54.7%
Pokedex Number
Pokemon
% Correct
102
Exeggcute
54.7%
073
Tentacruel
54.7%
100
Voltorb
54.7%
134
Vaporeon
54.5%
103
Exeggutor
54.4%
126
Magmar
54.4%
081
Magnemite
54.1%
037
Vulpix
54.1%
088
Grimer
53.9%
038
Ninetales
53.7%
020
Raticate
53.7%
070
Weepinbell
53.7%
097
Hypno
53.5%
115
Kangaskhan
53.3%
061
Poliwhirl
53.3%
086
Seel
53.3%
119
Seaking
53.1%
046
Paras
53%
110
Weezing
53%
071
Victreebel
52.9%
139
Omastar
52.7%
077
Ponyta
52.7%
045
Vileplume
51.9%
078
Rapidash
51.8%
053
Persian
51.5%
047
Parasect
51.4%
117
Seadra
51.4%
060
Poliwag
51.3%
062
Poliwrath
51.2%
049
Venomoth
51%
048
Venonat
50.4%
112
Rhydon
50.3%
111
Rhyhorn
50.3%
027
Sandshrew
50.3%
079
Slowpoke
50.1%
108
Lickitung
49.9%
098
Krabby
49.8%
099
Kingler
49.7%
138
Omanyte
49.7%
057
Primeape
49.6%
128
Tauros
49.6%
123
Scyther
49.5%
028
Sandslash
49.3%
105
Marowak
48.2%
080
Slowbro
48.2%
114
Tangela
46.8%
127
Pinsir
46.5%
090
Shellder
44.2%
137
Porygon
44%
Quiz Playlist
Details
Report
Send in Message
Add To Playlist
Classic:
Type in answers that appear in a list
Last Updated: Mar 22, 2017
Quiz Scoreboard
CHALLENGE
Sign Up to Join the Scoreboard
Show All
Scores
Hide
Comments
May contain spoilers
Recently Published
Billboard Blitz: Fleetwood Mac
by CooCooCachoo
Music
15s
Presidents Visiting Landmarks
by Hejman
History
7m
An Introduction to Baseball
by treessimontrees
Sports
5m
More to Explore
Quiz From the Vault
Featured Blog Post
Where Did the Easter Bunny Come From?
hide this ad
You Might Also Like...
Tags
Pokémon Quiz
151
Alphabetical
Order
original
Today's Top Quizzes in Just For Fun
Browse Just For Fun
hide this ad
Today's Top Quizzes in Pokémon
Browse Pokémon
Top Contributed Quizzes in Just For Fun
1
Killer Double Trees 224 - Colour Match-Up
2
Spring Typing Challenge
3
Crossword Whiteout! 49
4
Zeroing In: Just For Fun
5
Harry Potter Logic - 'In Chains' II
6
Survivor Winners Logic Puzzle
7
Word Ladder: Ahoy Matey
8
Kyle's 122nd Triple Trees
9
Word Ladder: Wilderness Weapon
10
Edinburgh Fringe jokes 2015
Explore More
Trending Topics
Crossword
Anime
Kpop
Disney
NBA
Harry Potter
Marvel
Soccer
Puzzle
Country
WWE
Song
NFL
Pokémon
The Office
hide this ad
More By:
oklahomamarker
Quiz
Plays
Rating
Category
Featured
Created
Multiple Alphabet in 5 Minutes
4,087
3.90
Entertainment
Jun 25, 2014
Name ALL WWE World Champions
3,008
4.93
Sports
Jun 26, 2014
WWE Money in The Bank Contract Winners
2,894
4.17
Sports
Oct 21, 2014
151 Original Pokemon in Alphabetical Order
881
4.00
Just For Fun
May 19, 2014
Easiest Quiz Ever!
675
3.14
Just For Fun
May 21, 2014
Go to Creator's Profile
Score Distribution
Quiz Creator Spotlight
oklahomamarker
Follow
Send a Message
Quizzes Created
-
Created Quiz Play Count
-
More By This Creator
Popular Quizzes Today
1
Find the US States - No Outlines Minefield
2
Find the Countries of Europe - No Outlines Minefield
3
The Countries of the World
4
Find the US States
5
Risky Map Clicking: Biggest States A-Z
6
US States
7
Popular People in 1961
8
Movies - When Are They Set?
More Just For Fun Quizzes
Missing Word: Danny Glover Movies
Published
Trending Quizzes
Risky Map Clicking: Least Populous States A-Z
1-10 Letter G Words
1-10 Letter F Words
Risky Map Clicking: Next State Alphabetically
Click the Washington State Counties! (Map)
Recently Updated
Leaping Animals
pecheneg
Reality TV Shows (A-Z)
bhenderson79
Rickey Henderson's Hall of Fame Teammates
pecheneg
Champions League XIs: Arsenal
pecheneg
Quick Pick: Celebrities in WWE's Hall of Fame
aduchscher
A-Z Keypad Blitz II
pecheneg
Multiple Oscar Actors
pecheneg
Mystery Phrase Blitz: Oscar 'Best Actors'
pecheneg
F. Scott Fitzgerald Novels
LTH
Pick 3 Villains
ddd62291
Trending Topics
Crossword
Harry Potter
Anime
Kpop
Marvel
NBA
Disney
NFL
The Office
WWE
Pokémon
Soccer
Country
Puzzle
Song
Your Account Isn't Verified!
In order to create a playlist on Sporcle, you need to verify the email address you used during registration. Go to your
Sporcle Settings
to finish the process.
Report this User
Report this user for behavior that violates our
Community Guidelines
.
Details:
Send Report
Go to the Sporcle.com Mobile Site →
Comments